Score 0/20 Timer 05:00
13 Plays Today
Rank Country % Correct
Rank and Country (Male)Netherlands
82.6%
Rank and Country (Female)Netherlands
82.6%
Rank and Country (Male)Denmark
79%
Rank and Country (Female)Denmark
79%
Rank and Country (Male)Belgium
71.2%
Rank and Country (Male)Latvia
63.3%
Rank and Country (Female)Latvia
63.3%
Rank and Country (Female)Lithuania
62.6%
Rank and Country (Male)Estonia
62%
Rank and Country (Female)Estonia
62%
Rank Country % Correct
Rank and Country (Male)Iceland
61.6%
Rank and Country (Female)Ukraine
61.3%
Rank and Country (Male)Czechia
56.5%
Rank and Country (Female)Czechia
56.5%
Rank and Country (Female)Slovakia
55.6%
Rank and Country (Female)Belarus
54.6%
Rank and Country (Male)Serbia
52.9%
Rank and Country (Female)Serbia
52.9%
Rank and Country (Male)Croatia
51.9%
Rank and Country (Male)Bosnia and Herzegovina
40.9%
Remove Ads.
Support Sporcle.
Get the best of Sporcle when you Go Orange. This ad-free experience offers more features, more stats, and more fun while also helping to support Sporcle. Thank you for becoming a member.

You're not logged in!

Compare scores with friends on all Sporcle quizzes.
OR
Log In

Show Comments

Extras

Top Quizzes Today


Score Distribution

Your Account Isn't Verified!

In order to create a playlist on Sporcle, you need to verify the email address you used during registration. Go to your Sporcle Settings to finish the process.

Report this User

Report this user for behavior that violates our Community Guidelines.

Details: